Los cristianos interpelan a la revolución . Fidelidad crítica en el proceso de Nicaragua
Reflexiones de un grupo de Cristianos (laicos, religiosos y sacerdotes) en torno al proceso revolucionario nicaragüense, en la actual coyuntura - Analiza los desafíos que el proceso revolucionario plantea a la fe de los cristianos. Señala que el análisis se hace buscando el planteamiento de una fide...
Sábháilte in:
| Údar corparáideach: | |
|---|---|
| Formáid: | Téacs |
| Foilsithe / Cruthaithe: |
Managua:
UCA
|
| Clibeanna: |
Cuir clib leis
Níl clibeanna ann, Bí ar an gcéad duine le clib a chur leis an taifead seo!
|
MARC
| LEADER | 00000 a a2200000 04500 | ||
|---|---|---|---|
| 001 | 20497 | ||
| 003 | |||
| 040 | |||
| 090 | |a 086000 | ||
| 110 | |a Universidad Centroamericana. Instituto Histórico Centroamericano | ||
| 245 | |a Los cristianos interpelan a la revolución . Fidelidad crítica en el proceso de Nicaragua | ||
| 260 | |a Managua: |b UCA | ||
| 300 | |a 77 p | ||
| 520 | |a Reflexiones de un grupo de Cristianos (laicos, religiosos y sacerdotes) en torno al proceso revolucionario nicaragüense, en la actual coyuntura - Analiza los desafíos que el proceso revolucionario plantea a la fe de los cristianos. Señala que el análisis se hace buscando el planteamiento de una fidelidad critica de los cristianos al proceso, desde la fidelidad a la causa de Dios que es la de los pobres Inserta dos documentos que se relacionan con el mensaje y la fidelidad cristiana en el proceso revolucionario de Nicaragua, así como los resultados de un panel sobre el documento "Fidelidad Cristiana en el Proceso Revolucionario | ||
| 999 | |c 13951 |d 13951 | ||
